000 00347nam a2200145Ia 4500
008 240624s9999 xx 000 0 und d
041 _aeng
082 _a658.85 REI
100 _aREILLY TOM
245 _aVALUE ADDED SELLING
250 _a(3rd ed.)
260 _aNew Delhi
_bTata McGraw-Hill
300 _a277 : p. : cm. ; 24
365 _cRS
_b33
999 _c25837
_d25837